| 000 | 00449nam a2200157 4500 | ||
|---|---|---|---|
| 001 | 111684 | ||
| 003 | ES-MaACL | ||
| 005 | 20230906185337.0 | ||
| 007 | t| | ||
| 008 | 061121s1973 sp r ||||1| spa d | ||
| 245 | 0 | 0 |
_aNarrativa peruana 1950-1970 / _cprólogo y selección de Abelardo Oquendo. |
| 260 |
_aMadrid : _bAlianza, _c1973. |
||
| 300 |
_a308 p. ; _c18 cm. |
||
| 700 | 1 |
_aOquendo, Abelardo. _987138 |
|
| 852 |
_aES-MaACL _jC-54157 _bR.87064 |
||
| 999 |
_c111684 _d111684 |
||